[Event "Ì11Â"]
[Site "Loo"]
[Date "2017.04.24"]
[Round "5.24"]
[White "Âàôèí, Òàãèð."]
[Black "Ïîíîìàðåâ, Âñåâîëîä."]
[Result "0-1"]
[WhiteElo "1428"]
[BlackElo "1343"]
[PlyCount "138"]
[EventDate "2017.04.20"]

1. d4 d5 2. c4 e6 3. Nc3 Be7 4. cxd5 exd5 5. Nf3 c6 6. Qc2 Nf6 7. Bg5 O-O 8. e3
Nbd7 9. Bd3 Re8 10. O-O Nf8 11. Rae1 h6 12. Bh4 Ne4 13. Bxe7 Qxe7 14. Bxe4 dxe4
15. Nd2 f5 16. f3 exf3 17. Nxf3 Ng6 18. e4 Qf7 19. Nd2 Bd7 20. e5 Ne7 21. a3
Nd5 22. Nce4 Qg6 23. Nd6 Rf8 24. Nxb7 Qg5 25. Nf3 Qg6 26. Kh1 Be6 27. Nc5 Qf7
28. Qf2 f4 29. Nxe6 Qxe6 30. Rg1 g5 31. Nd2 Ne3 32. Ne4 Qg6 33. Nf6+ Kh8 34.
Qf3 Rac8 35. Qe4 Rxf6 36. Qxg6 Rxg6 37. g3 Nd5 38. gxf4 Nxf4 39. Re3 Rd8 40.
Rd1 Rd5 41. Rb3 a5 42. Re3 c5 43. Re4 Ne6 44. Rf1 cxd4 45. Rf6 Kg7 46. Rf1 d3
47. Rd1 Nf4 48. b4 axb4 49. axb4 Kf7 50. Rc4 Ke6 51. Rc6+ Kxe5 52. Rc3 Rb6 53.
Rb3 Rdb5 54. Rdb1 Kd4 55. Kg1 Kc4 56. R3b2 Rxb4 57. Rc1+ Kd4 58. Rxb4+ Rxb4 59.
Kf2 d2 60. Rd1 Kd3 61. Ra1 Rc4 62. Ra3+ Rc3 63. Ra8 d1=Q 64. Rd8+ Kc2 65. Rxd1
Kxd1 66. h4 g4 67. h5 g3+ 68. Kf1 Re3 69. Kg1 Re1# 0-1

[Event "Ì11Â"]
[Site "Loo"]
[Date "2017.04.24"]
[Round "5.25"]
[White "Òîìîâ, Åâãåíèé."]
[Black "Àóøåâ, Ýìèí."]
[Result "1/2-1/2"]
[WhiteElo "1336"]
[BlackElo "1364"]
[PlyCount "113"]
[EventDate "2017.04.20"]

1. d4 d5 2. c4 c6 3. Nf3 Nf6 4. e3 e6 5. Nc3 Nbd7 6. Bd3 dxc4 7. Bxc4 Bd6 8.
Bd2 O-O 9. O-O Bc7 10. Bd3 h6 11. Rc1 Qe7 12. e4 e5 13. dxe5 Nxe5 14. Nxe5 Bxe5
15. Qe2 Re8 16. Rfe1 Qd6 17. g3 Bg4 18. Qf1 Rad8 19. f4 Bxc3 20. Rxc3 Nxe4 21.
Bxe4 Qxd2 22. Rce3 Qd4 23. Qf2 f5 24. Bd5+ Qxd5 25. Rxe8+ Rxe8 26. Rxe8+ Kf7
27. Re3 Qxa2 28. b3 Qa5 29. Qe1 Qc5 30. Qc3 Qb6 31. Kg2 a6 32. Qe5 Qd8 33. Qc3
Qd5+ 34. Kg1 b5 35. b4 Qd6 36. Rd3 Qe7 37. Re3 Qd6 38. Qe5 Qd7 39. Qc3 Qd6 40.
Qb3+ Kf6 41. Rd3 Qe7 42. Re3 Qd6 43. Qc3+ Kf7 44. Re5 Qd1+ 45. Re1 Qd6 46. Qe3
Qd7 47. Qe5 Qa7+ 48. Kg2 Qd7 49. Kg1 Qa7+ 50. Qc5 Qd7 51. Qe3 Kf6 52. Qf2 Qc7
53. Qg2 Qa7+ 54. Kh1 Qd7 55. h3 Bh5 56. g4 fxg4 57. hxg4 1/2-1/2

[Event "Ì13Ï"]
[Site "Loo"]
[Date "2017.04.24"]
[Round "5.1"]
[White "Êóçüìèí, Àðñåíèé."]
[Black "Ãàáèòîâ, Áóëàò."]
[Result "1/2-1/2"]
[WhiteElo "1877"]
[BlackElo "1790"]
[PlyCount "83"]
[EventDate "2017.04.20"]

1. e4 c5 2. Nf3 Nc6 3. d4 cxd4 4. Nxd4 e6 5. Nc3 Qc7 6. Be3 a6 7. a3 Nf6 8. Be2
Be7 9. O-O O-O 10. f4 d6 11. Bf3 Re8 12. Qd2 Nxd4 13. Bxd4 e5 14. Bf2 b5 15.
Bg3 Bb7 16. Rad1 Rad8 17. h3 Qc4 18. Qd3 Qxd3 19. Rxd3 d5 20. Re1 Bc5+ 21. Kf1
exf4 22. Bxf4 d4 23. b4 Bb6 24. e5 Bxf3 25. Rxf3 Nh5 26. Nd1 Nxf4 27. Rxf4 d3
28. cxd3 Rxd3 29. Rf3 Rd5 30. Rc3 h6 31. Rc6 Re6 32. Rxe6 fxe6 33. Nf2 Bc7 34.
Ne4 Rxe5 35. Nc5 Rf5+ 36. Kg1 Bb6 37. Rxe6 Bxc5+ 38. bxc5 Rxc5 39. Rxa6 Rc2 40.
Rb6 Ra2 41. Rxb5 Rxa3 42. Rb6 1/2-1/2

[Event "Ì13Ï"]
[Site "Loo"]
[Date "2017.04.24"]
[Round "5.2"]
[White "Íàäðøèí, Òèìóð."]
[Black "Èâàíîâ, Àðòåì."]
[Result "1-0"]
[WhiteElo "1605"]
[BlackElo "1832"]
[PlyCount "87"]
[EventDate "2017.04.20"]

1. e4 e5 2. Nf3 Nc6 3. Bc4 Bc5 4. O-O Nf6 5. d4 Bxd4 6. Nxd4 exd4 7. e5 d5 8.
exf6 dxc4 9. Re1+ Be6 10. fxg7 Rg8 11. Qh5 Qf6 12. Qxh7 O-O-O 13. Qh6 Qxg7 14.
Qxg7 Rxg7 15. Bf4 Bd5 16. Bg3 f5 17. f4 Nb4 18. Na3 Be4 19. c3 Nd3 20. Re2 dxc3
21. bxc3 Bd5 22. Nb5 a6 23. Nd4 Rf7 24. a4 c5 25. Nc2 Kd7 26. a5 Re8 27. Rxe8
Kxe8 28. Ne3 Be6 29. Rb1 Rd7 30. Rb6 Kf7 31. h4 Nc1 32. h5 Ne2+ 33. Kf2 Nxc3
34. Bh4 Ne4+ 35. Kf3 Nd2+ 36. Ke2 c3 37. h6 Bc4+ 38. Nxc4 Nxc4 39. h7 Kg7 40.
Rh6 Rd2+ 41. Ke1 c2 42. h8=Q+ Kf7 43. Qf6+ Ke8 44. Qe7# 1-0

[Event "Ì13Ï"]
[Site "Loo"]
[Date "2017.04.24"]
[Round "5.3"]
[White "Ìàêèíÿí, Ðóáåí."]
[Black "Äîáøèíîâ, Âëàä."]
[Result "1-0"]
[WhiteElo "1713"]
[BlackElo "1602"]
[PlyCount "157"]
[EventDate "2017.04.20"]

1. e4 c5 2. c3 d5 3. exd5 Qxd5 4. d4 Nf6 5. Nf3 Bg4 6. Be2 e6 7. O-O Nc6 8. Be3
cxd4 9. Nxd4 Bxe2 10. Qxe2 Nxd4 11. Bxd4 Be7 12. Nd2 O-O 13. Nb3 Rfd8 14. Rad1
Qf5 15. Rd3 Nd5 16. Rg3 Bf6 17. Bxf6 Qxf6 18. Re1 Nf4 19. Qe4 e5 20. h3 b6 21.
Qxe5 Qxe5 22. Rxe5 Re8 23. Rge3 Kf8 24. Rxe8+ Rxe8 25. Rxe8+ Kxe8 26. Nd4 Kd7
27. f3 g6 28. b3 Nd5 29. Ne2 Kd6 30. Kf2 Ke5 31. a3 b5 32. g3 g5 33. Ke1 f5 34.
Kd2 h5 35. Kd3 a6 36. c4 bxc4+ 37. bxc4 Ne7 38. f4+ gxf4 39. gxf4+ Kd6 40. Nd4
Kc5 41. Kc3 h4 42. Nb3+ Kd6 43. Nc1 a5 44. a4 Nc6 45. Nd3 Ke6 46. Ne1 Ne7 47.
Kd4 Kd6 48. c5+ Ke6 49. Kc4 Kd7 50. Kb5 Kc7 51. Nf3 Ng6 52. Kxa5 Nxf4 53. Nxh4
Nxh3 54. Nxf5 Kc6 55. Kb4 Nf4 56. Nd4+ Kd5 57. Nb3 Kc6 58. Na5+ Kc7 59. Kc4 Ne6
60. Nb3 Nf4 61. a5 Kb7 62. Kb5 Ne2 63. a6+ Kc7 64. c6 Nc3+ 65. Kc4 Na4 66. a7
Nb6+ 67. Kb5 Na8 68. Nd4 Kd6 69. Nf5+ Kc7 70. Kc5 Nb6 71. Ne7 Na8 72. Nd5+ Kd8
73. Nb6 Nc7 74. a8=Q+ Nxa8 75. Nxa8 Kc8 76. Kd6 Kb8 77. c7+ Kc8 78. Nb6+ Kb7
79. c8=Q+ 1-0

[Event "Ì13Ï"]
[Site "Loo"]
[Date "2017.04.24"]
[Round "5.4"]
[White "Øàëèìî, Åâãåíèé."]
[Black "Ðÿáîâ, Ãåîðãèé."]
[Result "0-1"]
[WhiteElo "1557"]
[BlackElo "1700"]
[PlyCount "116"]
[EventDate "2017.04.20"]

1. Nf3 Nf6 2. g3 d5 3. Bg2 Bg4 4. Ne5 Bh5 5. O-O c6 6. d4 e6 7. b3 Nbd7 8. Bb2
Be7 9. Nd2 O-O 10. c4 Nxe5 11. dxe5 Nd7 12. f4 f5 13. Nf3 Bxf3 14. exf3 g6 15.
g4 b5 16. cxb5 cxb5 17. Qe2 a6 18. gxf5 gxf5 19. Bh3 Kh8 20. Kh1 Bc5 21. Rac1
Qh4 22. Bg2 b4 23. Qd2 Rfc8 24. Bd4 Rab8 25. Bxc5 Nxc5 26. Qd4 Qe7 27. Rc2 Nd7
28. Rfc1 Qf8 29. Bf1 a5 30. Bd3 Rxc2 31. Rxc2 Rc8 32. Bxf5 Rxc2 33. Bxc2 Qc5
34. Qxc5 Nxc5 35. Kg2 Kg7 36. f5 exf5 37. Bxf5 a4 38. Bc2 a3 39. Kf2 d4 40. f4
d3 41. Bb1 Ne4+ 42. Ke3 d2 43. Bc2 d1=Q 44. Bxd1 Nc3 45. Kd2 Nxa2 46. Kc2 Nc3
47. Bf3 Nb5 48. Bd5 Nd4+ 49. Kb1 Ne2 50. Bc4 Nxf4 51. Kc1 Kg6 52. h4 h6 53. h5+
Kf5 54. e6 Nxe6 55. Bd3+ Ke5 56. Bg6 Nf4 57. Be8 Ke6 58. Bc6 Nxh5 0-1

[Event "Ì13Ï"]
[Site "Loo"]
[Date "2017.04.24"]
[Round "5.5"]
[White "Õàñàíîâ, Óðàë."]
[Black "Âàñèëü÷åíêî, Âàäèì."]
[Result "1-0"]
[WhiteElo "1431"]
[BlackElo "1654"]
[PlyCount "53"]
[EventDate "2017.04.20"]

1. e4 c5 2. Nf3 Nc6 3. d4 cxd4 4. Nxd4 g6 5. Nc3 Bg7 6. Be3 d6 7. Qd2 Nf6 8. f3
O-O 9. Bc4 Bd7 10. O-O-O a6 11. Bb3 Qc7 12. g4 Na5 13. Bh6 Rac8 14. Bxg7 Kxg7
15. h4 Nxb3+ 16. axb3 Rh8 17. h5 b5 18. Nd5 Nxd5 19. exd5 e5 20. dxe6 fxe6 21.
Qg5 Qc5 22. Qe7+ Kg8 23. Qxd7 Rc7 24. Qe8+ Kg7 25. h6+ Kf6 26. Qxh8+ Kg5 27.
Nxe6# 1-0

[Event "Ì13Ï"]
[Site "Loo"]
[Date "2017.04.24"]
[Round "5.6"]
[White "Îñèïîâ, Àëåêñàíäð."]
[Black "Äóíàåâ, Äåíèñ."]
[Result "1/2-1/2"]
[WhiteElo "1855"]
[BlackElo "1562"]
[PlyCount "97"]
[EventDate "2017.04.20"]

1. d4 d5 2. c4 e6 3. Nc3 a6 4. cxd5 exd5 5. Nf3 c6 6. Qc2 Bb4 7. Bg5 Be7 8. Bf4
Nf6 9. e3 Bd6 10. Bg5 O-O 11. Bd3 h6 12. Bh4 b5 13. Ne5 b4 14. Na4 Qa5 15. O-O
Bxe5 16. dxe5 Ng4 17. Bg3 Re8 18. Bh7+ Kh8 19. Bf5 Bxf5 20. Qxf5 Qxa4 21. Qxg4
Qb5 22. f4 Qc5 23. Rae1 Qe7 24. f5 f6 25. exf6 Qxf6 26. Bh4 Qf7 27. f6 g6 28.
Rf3 Nd7 29. Qf4 Kh7 30. Rh3 Re4 31. Qd6 Ne5 32. Bg5 h5 33. Rd1 Qd7 34. Qc5 Nf7
35. Bf4 Qe6 36. Rd4 Re8 37. Qxb4 Qxf6 38. Rf3 Rxd4 39. exd4 Qe7 40. Qxe7 Rxe7
41. Re3 Rxe3 42. Bxe3 Nd6 43. Kf1 Kg7 44. Ke2 Kf6 45. Kf3 Nc4 46. Bc1 Kf5 47.
h3 Nd6 48. Bd2 Nc4 49. Bc1 1/2-1/2

[Event "Ì13Ï"]
[Site "Loo"]
[Date "2017.04.24"]
[Round "5.7"]
[White "Ïîçäååâ, Àëåêñåé."]
[Black "Äðó÷åíêî, Ìèõàèë."]
[Result "0-1"]
[WhiteElo "1833"]
[BlackElo "1692"]
[PlyCount "92"]
[EventDate "2017.04.20"]

1. d4 f5 2. Nf3 Nf6 3. g3 g6 4. Bg2 Bg7 5. c4 O-O 6. Nc3 d6 7. O-O Qe8 8. d5 a5
9. Be3 Na6 10. a3 Bd7 11. Rb1 Nc5 12. Bxc5 dxc5 13. Ne5 Rd8 14. Nd3 b6 15. Qb3
h6 16. Rfe1 g5 17. e4 fxe4 18. Nxe4 Qg6 19. Ne5 Qf5 20. Nxf6+ Qxf6 21. Qe3 Bf5
22. Rbc1 Rd6 23. Nc6 e6 24. dxe6 Bxe6 25. Bd5 Bxd5 26. Ne7+ Kh8 27. Nxd5 Qxb2
28. Re2 Re6 29. Rxb2 Rxe3 30. Rxb6 Re2 31. Rb3 Rfxf2 32. Re3 Rg2+ 33. Kf1 Ref2+
34. Ke1 Rb2 35. Rf3 Rxh2 36. Ne3 Bd4 37. Nd1 Ra2 38. Rb1 Be5 39. Nf2 Bxg3 40.
Rxg3 Rhxf2 41. Rb8+ Kg7 42. Rb7 Rh2 43. Rxc7+ Kg6 44. Rc6+ Kh5 45. Rd6 Rh1+ 46.
Rg1 Rxg1# 0-1

[Event "Ì13Ï"]
[Site "Loo"]
[Date "2017.04.24"]
[Round "5.8"]
[White "Ñìîëèí, Àëåêñåé."]
[Black "Íèêîëàåâ, Ìàòâåé."]
[Result "0-1"]
[WhiteElo "1815"]
[BlackElo "1664"]
[PlyCount "62"]
[EventDate "2017.04.20"]

1. e4 e5 2. Nf3 Nc6 3. Bb5 a6 4. Ba4 d6 5. c3 Bd7 6. d4 g6 7. Bg5 Be7 8. Bxe7
Ngxe7 9. O-O O-O 10. Bb3 Bg4 11. d5 Nb8 12. Nbd2 f5 13. h3 Bh5 14. Qc2 h6 15.
Nxe5 dxe5 16. d6+ Kg7 17. dxe7 Qxe7 18. f4 Nc6 19. Rae1 Rae8 20. exf5 Qc5+ 21.
Kh1 gxf5 22. g4 Bg6 23. gxf5 Bxf5 24. Rg1+ Kh8 25. Qd1 exf4 26. Rxe8 Rxe8 27.
Bf7 Re5 28. Rg8+ Kh7 29. Qh5 Qd6 30. Bb3 Bg6 31. Qg4 Ne7 0-1

[Event "Ì13Ï"]
[Site "Loo"]
[Date "2017.04.24"]
[Round "5.9"]
[White "Ñèäîðîâ, Åãîð."]
[Black "Öûðåíäàøèåâ, Áàòî."]
[Result "1-0"]
[WhiteElo "1662"]
[BlackElo "1810"]
[PlyCount "149"]
[EventDate "2017.04.20"]

1. e4 c5 2. Nf3 g6 3. Nc3 Bg7 4. g3 Nc6 5. Bg2 e6 6. O-O Nge7 7. d3 O-O 8. Be3
Nd4 9. Nd2 d6 10. f4 Rb8 11. Rb1 b5 12. a3 b4 13. axb4 Rxb4 14. Kh1 Bd7 15. Nc4
Bc6 16. e5 Bxg2+ 17. Kxg2 dxe5 18. fxe5 Nd5 19. Bf4 Nc6 20. Qe2 Qb8 21. Ne4 Rb5
22. Qf2 Qa8 23. Kg1 f6 24. exf6 Nxf6 25. Nxc5 e5 26. Be3 Ne4 27. Qg2 Nxc5 28.
Qd5+ Kh8 29. Bxc5 e4 30. Rxf8+ Qxf8 31. Bxf8 Rxd5 32. Bxg7+ Kxg7 33. dxe4 Rd4
34. b3 Rxe4 35. Kf2 Nd4 36. Ne3 Re7 37. Rd1 Rf7+ 38. Kg2 Re7 39. Rxd4 Rxe3 40.
Kf2 Re7 41. c4 Rb7 42. Rd3 Kf6 43. Ke3 Ke5 44. Rc3 a6 45. Kd3 Rf7 46. Ke3 Rb7
47. Rd3 Rb8 48. Kd2 Rf8 49. Kc3 Ke4 50. c5 Rc8 51. Rd4+ Kf3 52. Kc4 Kg2 53.
Rd2+ Kh3 54. b4 g5 55. Rc2 g4 56. Kd5 Rd8+ 57. Kc4 Rc8 58. b5 axb5+ 59. Kxb5
Rb8+ 60. Kc6 Rb1 61. Kd7 Rh1 62. c6 Rxh2 63. Rc3 Ra2 64. c7 Ra7 65. Kd6 Ra8 66.
Ke5 Rf8 67. Rd3 Rc8 68. Rc3 Rf8 69. c8=Q Rxc8 70. Rxc8 Kxg3 71. Rc3+ Kh2 72.
Kf4 h5 73. Rg3 Kh1 74. Kg5 Kh2 75. Kh4 1-0

[Event "Ì13Ï"]
[Site "Loo"]
[Date "2017.04.24"]
[Round "5.10"]
[White "Òðóõèí, Äìèòðèé."]
[Black "Íåëîâêî, Íèêèòà."]
[Result "1-0"]
[WhiteElo "1773"]
[BlackElo "1618"]
[PlyCount "101"]
[EventDate "2017.04.20"]

1. d4 d5 2. c4 e6 3. Nc3 Nf6 4. cxd5 exd5 5. Bg5 c6 6. e3 Be6 7. Bd3 Be7 8. Qc2
Nbd7 9. Nf3 h6 10. Bh4 O-O 11. O-O Re8 12. h3 Nh5 13. Bxe7 Qxe7 14. Rfc1 Nhf6
15. a3 a5 16. Rab1 c5 17. dxc5 Nxc5 18. Nd4 a4 19. Qe2 Rec8 20. Bb5 Bd7 21.
Bxd7 Qxd7 22. Rd1 Rd8 23. Nc2 Qf5 24. Nb4 Rd7 25. Qb5 Nce4 26. Nxe4 Nxe4 27.
Qe2 Rad8 28. Nc2 Rc8 29. Nd4 Qg6 30. Qb5 Rcd8 31. Qxa4 Rd6 32. Qc2 Rf6 33. f3
Nd6 34. Qxg6 Rxg6 35. Rd3 Nc4 36. Kf2 Rb6 37. b4 Ne5 38. Rc3 Nc4 39. Nc2 Kh7
40. Rd1 Rc6 41. Nd4 Ra6 42. Nb5 Rb6 43. Rxc4 Rxb5 44. Rcd4 Kg6 45. e4 Kf6 46.
Rxd5 Rbxd5 47. Rxd5 Rxd5 48. exd5 Ke5 49. Ke3 Kxd5 50. Kd3 b5 51. Kc3 1-0

[Event "Ì13Ï"]
[Site "Loo"]
[Date "2017.04.24"]
[Round "5.11"]
[White "Øêóðàòîâ, Âëàäèìèð."]
[Black "Ùåòêèí, Êèðèëë."]
[Result "1-0"]
[WhiteElo "1739"]
[BlackElo "1594"]
[PlyCount "97"]
[EventDate "2017.04.20"]

1. e4 e5 2. Nf3 Nc6 3. Bb5 Nf6 4. O-O Nxe4 5. d4 Nd6 6. Bxc6 dxc6 7. dxe5 Nf5
8. Qxd8+ Kxd8 9. Nc3 Be6 10. Bf4 h6 11. Rad1+ Ke8 12. g4 Ne7 13. h3 Ng6 14. Bg3
Bb4 15. a3 Bxc3 16. bxc3 h5 17. Nd4 Bd5 18. Nb5 cxb5 19. Rxd5 c6 20. Rd3 hxg4
21. hxg4 Ke7 22. f4 Rad8 23. f5 Rxd3 24. cxd3 Nf8 25. Kf2 Nd7 26. Re1 Nc5 27.
Re3 Rh1 28. d4 Na6 29. e6 f6 30. Bf4 Rh8 31. Kg2 Rc8 32. Rh3 Nc7 33. Bxc7 Rxc7
34. Rh7 Kf8 35. Rh8+ Ke7 36. Kf3 a6 37. Rh7 Kf8 38. g5 fxg5 39. f6 Kg8 40. Rh8+
Kxh8 41. f7 Rxf7+ 42. exf7 a5 43. f8=Q+ Kh7 44. Kg4 b4 45. axb4 axb4 46. cxb4
c5 47. Kxg5 cxd4 48. Qf5+ Kh8 49. Kg6 1-0

[Event "Ì13Ï"]
[Site "Loo"]
[Date "2017.04.24"]
[Round "5.12"]
[White "Ëåáåäåâ, Íèêèòà."]
[Black "Ñîëîâüåâ, Âëàäèñëàâ."]
[Result "0-1"]
[WhiteElo "1635"]
[BlackElo "1730"]
[PlyCount "44"]
[EventDate "2017.04.20"]

1. d4 d5 2. Bf4 Nf6 3. Nf3 e6 4. e3 c5 5. c3 Bd6 6. Ne5 Nc6 7. Bb5 Qc7 8. Qa4
Bd7 9. Nxd7 Nxd7 10. Bxd6 Qxd6 11. Qa3 Ke7 12. Nd2 cxd4 13. Qxd6+ Kxd6 14. cxd4
a6 15. Be2 b5 16. O-O Nb6 17. Rac1 Rhc8 18. Nb3 Na4 19. Rb1 Rc7 20. Rfc1 Rb8
21. a3 Ne7 22. Bd3 g6 {äàëåå çàïèñü íåðàçáîð~~èâà} 0-1

[Event "Ì13Ï"]
[Site "Loo"]
[Date "2017.04.24"]
[Round "5.13"]
[White "Øîøèí, Êèðèëë."]
[Black "Çàñïàíîâ, Êîíñòàíòèí."]
[Result "1-0"]
[WhiteElo "1729"]
[BlackElo "1588"]
[PlyCount "99"]
[EventDate "2017.04.20"]

1. e4 e6 2. d4 d5 3. exd5 exd5 4. Bd3 Nf6 5. Nf3 Bd6 6. O-O O-O 7. Bg5 h6 8.
Bh4 b6 9. Ne5 c5 10. c3 Nbd7 11. f4 Qc7 12. Rf3 Bxe5 13. fxe5 Ne4 14. Bxe4 dxe4
15. Rg3 f6 16. Qg4 Nxe5 17. Qxe4 Bb7 18. Qf4 Nf3+ 19. Rxf3 Qxf4 20. Rxf4 g5 21.
Bxg5 hxg5 22. Rg4 Bc8 23. Re4 Bf5 24. Re1 Rfd8 25. dxc5 bxc5 26. Na3 Kf7 27.
Rad1 Rab8 28. b3 a6 29. Nc4 Bd3 30. Ne3 Rd7 31. Rd2 Rbd8 32. Red1 Ke6 33. Kf2
f5 34. h3 f4 35. Ng4 Rd5 36. Re1+ Kf5 37. Re7 c4 38. Rf7+ Ke6 39. Rf6+ Ke7 40.
Rxa6 cxb3 41. Ra7+ Ke6 42. axb3 Rc8 43. c4 Bxc4 44. Rc2 Rdc5 45. bxc4 Rxc4 46.
Ra6+ Kf5 47. Re2 R8c6 48. Ra5+ R4c5 49. Ra8 Kg6 50. Ne5+ 1-0

[Event "Ì13Ï"]
[Site "Loo"]
[Date "2017.04.24"]
[Round "5.14"]
[White "Íàçàðîâ, Äåíèñ."]
[Black "Ïðóöêîâ, Àëåêñåé."]
[Result "0-1"]
[WhiteElo "1534"]
[BlackElo "1727"]
[PlyCount "56"]
[EventDate "2017.04.20"]

1. e4 c5 2. d4 cxd4 3. c3 dxc3 4. Nxc3 Nc6 5. Bc4 d6 6. Nf3 e6 7. O-O Nf6 8.
Be3 a6 9. a3 b5 10. Ba2 Bb7 11. Nd2 Be7 12. f4 h5 13. f5 Ng4 14. fxe6 Nxe3 15.
Qf3 Bf6 16. exf7+ Kf8 17. Rf2 Ng4 18. Re2 Nd4 19. Qd3 Nxe2+ 20. Nxe2 Qb6+ 21.
Nd4 Bxd4+ 22. Kf1 Bxb2 23. Ke2 Qf2+ 24. Kd1 Ne3+ 25. Qxe3 Qxe3 26. Rb1 Bc3 27.
Nb3 Qd3+ 28. Kc1 Bxe4 0-1

[Event "Ì13Ï"]
[Site "Loo"]
[Date "2017.04.24"]
[Round "5.15"]
[White "Ïåòðóøèí, Äìèòðèé."]
[Black "Êóøíàðåíêî, Åãîð."]
[Result "1/2-1/2"]
[WhiteElo "1721"]
[BlackElo "1572"]
[PlyCount "99"]
[EventDate "2017.04.20"]

1. e4 c5 2. Nc3 Nc6 3. g3 g6 4. Bg2 Bg7 5. f4 e6 6. d3 d6 7. Nf3 Nge7 8. O-O
O-O 9. Be3 Nd4 10. e5 Nef5 11. Bf2 Nxf3+ 12. Bxf3 dxe5 13. fxe5 Bxe5 14. Bxc5
Re8 15. Bf2 Nd4 16. Bg2 f5 17. Be3 Bg7 18. Qd2 Qc7 19. Qf2 Qd8 20. Rae1 Rb8 21.
Bf4 e5 22. Be3 Be6 23. Bxd4 exd4 24. Nd5 Qd7 25. Nf4 Bf7 26. a3 Re3 27. Kh1
Rbe8 28. Bf3 b6 29. Ng2 Rxe1 30. Rxe1 Qb5 31. Rxe8+ Bxe8 32. Qe1 Be5 33. Nf4
Bf7 34. Qc1 Qc5 35. Qd2 Kg7 36. Qe2 Kf6 37. Qd2 g5 38. Ne2 Be6 39. h4 h6 40.
Kg1 Bd7 41. Kf2 Be6 42. Ng1 Qc7 43. Ne2 Qc5 44. hxg5+ hxg5 45. Qd1 g4 46. Bg2
Qc7 47. Qd2 Kg6 48. Bh1 Bf7 49. Bg2 Be6 50. Bh1 1/2-1/2

[Event "Ì13Ï"]
[Site "Loo"]
[Date "2017.04.24"]
[Round "5.16"]
[White "Ãîôìàí, Ëåâ."]
[Black "Ãåðàñèìîâ, Âàäèì."]
[Result "0-1"]
[WhiteElo "1528"]
[BlackElo "1717"]
[PlyCount "72"]
[EventDate "2017.04.20"]

1. e4 c5 2. Nf3 d6 3. c4 e5 4. d3 Nc6 5. Nc3 Nf6 6. Bg5 Be7 7. Be2 O-O 8. h4 h6
9. Bxf6 Bxf6 10. Nd5 Be6 11. Ne3 Nd4 12. g3 Qa5+ 13. Nd2 Be7 14. g4 Qd8 15. Ng2
Qc8 16. Ne3 Qd8 17. Ng2 Qc8 18. Ne3 Qd8 19. Ng2 Rb8 20. Nb3 b5 21. Nxd4 cxd4
22. b3 a5 23. Kf1 bxc4 24. dxc4 a4 25. Rb1 axb3 26. axb3 Rb4 27. Bd3 Qb6 28. f4
Rb8 29. f5 Bxc4 30. Bxc4 Rxc4 31. bxc4 Qxb1 32. Qxb1 Rxb1+ 33. Ne1 d3 34. Rh2
Bxh4 35. Rd2 Rxe1+ 36. Kg2 Re2+ 0-1

[Event "Ì13Ï"]
[Site "Loo"]
[Date "2017.04.24"]
[Round "5.17"]
[White "Ðîìàíîâ, Ìàêñèì."]
[Black "Äåðåâùèêîâ, Íèêèòà."]
[Result "1/2-1/2"]
[WhiteElo "1700"]
[BlackElo "1523"]
[PlyCount "123"]
[EventDate "2017.04.20"]

1. e4 d6 2. d4 Nf6 3. Nc3 g6 4. Nf3 Bg7 5. h3 c6 6. Be3 b5 7. a3 Bb7 8. Qd2 a5
9. Bd3 Nbd7 10. O-O O-O 11. Bh6 Nb6 12. Bxg7 Kxg7 13. Rfe1 Qc7 14. e5 Nfd5 15.
Ne4 Nc4 16. Bxc4 bxc4 17. Re2 Ba6 18. c3 Bc8 19. Rae1 Bf5 20. Nh4 Bd7 21. exd6
exd6 22. Qc2 Nf4 23. Re3 Nd3 24. Rb1 Rab8 25. Nd2 d5 26. b3 Qf4 27. Nhf3 Bf5
28. g3 Qd6 29. Nh4 Be6 30. a4 Qd8 31. Nhf3 Qf6 32. bxc4 Rxb1+ 33. Qxb1 dxc4 34.
Ne4 Qf5 35. Nc5 Nxc5 36. Qxf5 Bxf5 37. dxc5 Rd8 38. Nd4 Rd5 39. g4 Bd3 40. Nxc6
Rxc5 41. Nd4 h5 42. f4 hxg4 43. hxg4 g5 44. Re5 Rxe5 45. fxe5 Kf8 46. Nc6 Bc2
47. Nxa5 Bxa4 48. Nxc4 Bd7 49. Ne3 Ke7 50. Nd5+ Ke6 51. Nb6 Bc6 52. Nc4 Bf3 53.
Kf2 Bxg4 54. Kg3 Be2 55. Nd6 Bh5 56. Ne4 Kf5 57. Nf6 Bg6 58. Ng4 Ke6 59. c4 Bd3
60. c5 Kd5 61. c6 Kxc6 62. e6 1/2-1/2

[Event "Ì13Ï"]
[Site "Loo"]
[Date "2017.04.24"]
[Round "5.18"]
[White "Ôèëàòîâ, Ãåîðãèé."]
[Black "Õóñíóëãàòèí, Àðòåì."]
[Result "1/2-1/2"]
[WhiteElo "1793"]
[BlackElo "1592"]
[PlyCount "133"]
[EventDate "2017.04.20"]

1. d4 d5 2. c4 e6 3. Nf3 Nf6 4. g3 dxc4 5. Bg2 c5 6. Qc2 cxd4 7. Qxc4 Nc6 8.
O-O Qb6 9. Rd1 Bc5 10. a3 Na5 11. Qd3 Nb3 12. Ra2 O-O 13. Nbd2 Nxc1 14. Rxc1
Rd8 15. b4 Be7 16. Rac2 a5 17. Nc4 Qa6 18. bxa5 Bd7 19. Nb6 Qxd3 20. exd3 Rxa5
21. Nxd7 Nxd7 22. Rc8 Rxc8 23. Rxc8+ Nf8 24. Nxd4 Rxa3 25. Be4 Bf6 26. Nc2 Rb3
27. Bxh7+ Kxh7 28. Rxf8 Rxd3 29. Rxf7 Rb3 30. Kf1 b5 31. Ke2 Rb2 32. Kd3 b4 33.
Rb7 b3 34. Nd4 Rxf2 35. Rxb3 Bxd4 36. Kxd4 Rxh2 37. Re3 Rh6 38. Ke5 Kg8 39. g4
Kf7 40. Rf3+ Rf6 41. Ra3 Rf2 42. Ra7+ Kg6 43. Kxe6 Rf4 44. g5 Rg4 45. Ke5 Rxg5+
46. Kf4 Rg1 47. Ra8 Kh7 48. Ra7 Kh6 49. Kf3 Kh5 50. Ra8 Kg5 51. Ra5+ Kh4 52.
Ra8 Rf1+ 53. Kg2 Rf4 54. Ra7 g5 55. Rh7+ Kg4 56. Ra7 Rb4 57. Ra3 Rb2+ 58. Kg1
Kh4 59. Ra4+ g4 60. Ra3 Rd2 61. Rb3 Rd5 62. Kg2 Rd2+ 63. Kg1 Ra2 64. Rc3 Ra4
65. Kg2 g3 66. Rc8 Ra2+ 67. Kg1 1/2-1/2

[Event "Ì13Ï"]
[Site "Loo"]
[Date "2017.04.24"]
[Round "5.19"]
[White "Õàíèí, Ìèõàèë."]
[Black "Ñàáèðîâ, Òèìóð."]
[Result "0-1"]
[WhiteElo "1589"]
[BlackElo "1757"]
[PlyCount "80"]
[EventDate "2017.04.20"]

1. Nf3 Nf6 2. g3 d5 3. d3 Bg4 4. Bg2 c6 5. O-O Nbd7 6. b3 e6 7. Bb2 Qc7 8. Nbd2
Rd8 9. c4 Be7 10. Rc1 O-O 11. Qc2 e5 12. cxd5 Nxd5 13. h3 Be6 14. d4 Bf6 15.
Ba3 Rfe8 16. e4 N5b6 17. d5 Nxd5 18. exd5 Bxd5 19. Ne4 Be7 20. Bxe7 Rxe7 21.
Rcd1 Qb8 22. Rfe1 Nf8 23. Nc3 Ng6 24. Ng5 Bxg2 25. Kxg2 Rf8 26. Rd2 f5 27. Nf3
e4 28. Nd4 Ne5 29. Red1 Nd3 30. f3 c5 31. Nde2 b5 32. Rxd3 exd3 33. Qxd3 Rfe8
34. Nf4 b4 35. Ncd5 Re5 36. Qc4 Kh8 37. Qxc5 g5 38. Nd3 Re2+ 39. Kg1 Qxg3+ 40.
Kf1 Qg2# 0-1

[Event "Ì13Ï"]
[Site "Loo"]
[Date "2017.04.24"]
[Round "5.20"]
[White "Ìèõååâ, Àëåêñàíäð."]
[Black "Ñîáàøíèêîâ, Èâàí."]
[Result "1-0"]
[WhiteElo "1500"]
[BlackElo "1695"]
[PlyCount "91"]
[EventDate "2017.04.20"]

1. d4 Nf6 2. c4 g6 3. Nf3 Bg7 4. g3 O-O 5. Bg2 d6 6. O-O Nbd7 7. Nc3 e5 8. d5
a5 9. e4 Nc5 10. Qe2 Nfd7 11. Bd2 f5 12. exf5 gxf5 13. Ng5 h6 14. Nh3 Nf6 15.
Be3 Na6 16. f4 e4 17. Nf2 Qe8 18. Nb5 h5 19. Nh3 Ng4 20. Bd4 Bxd4+ 21. Nxd4 Nc5
22. Ng5 Bd7 23. h3 Nf6 24. Rfd1 c6 25. dxc6 bxc6 26. Nc2 Nd3 27. Rxd3 exd3 28.
Qxd3 Qb8 29. b3 Qb6+ 30. Kh2 Rae8 31. Qxd6 Qf2 32. Nd4 Re3 33. Ngf3 c5 34. Rf1
Qxa2 35. Qxc5 a4 36. bxa4 Qxa4 37. Nxf5 Re2 38. Ne3 Kg7 39. Qg5+ Kf7 40. Nd5
Nxd5 41. Qxd5+ Be6 42. Ne5+ Kf6 43. Qd6 Rg8 44. Nc6 Qa2 45. Qe7+ Kf5 46. Nd4+
1-0

[Event "Ì13Ï"]
[Site "Loo"]
[Date "2017.04.24"]
[Round "5.21"]
[White "Îãîðîäíèêîâ, Íèêîëàé."]
[Black "Áðàòîâ, Àäåìèð."]
[Result "1-0"]
[WhiteElo "1672"]
[BlackElo "1579"]
[PlyCount "65"]
[EventDate "2017.04.20"]

1. c4 f5 2. g3 Nf6 3. Bg2 g6 4. Nc3 d6 5. e3 e5 6. Nge2 Bg7 7. O-O O-O 8. d3 c6
9. Rb1 a5 10. a3 h6 11. b4 axb4 12. axb4 g5 13. f4 Re8 14. b5 Be6 15. Qb3 exf4
16. gxf4 Bc8 17. fxg5 hxg5 18. Ng3 Ng4 19. Nxf5 Bxf5 20. Rxf5 Nxe3 21. Bxe3
Rxe3 22. c5+ d5 23. Nxd5 cxd5 24. Rxd5 Qa5 25. Rd8+ Kh7 26. Qg8+ Kh6 27. Rd6+
Kh5 28. Qf7+ Kg4 29. Qf2 Qa2 30. Rb4+ Kh5 31. Bf3+ g4 32. Bxg4+ Kg5 33. h4# 1-0

[Event "Ì13Ï"]
[Site "Loo"]
[Date "2017.04.24"]
[Round "5.22"]
[White "Èøóòêèí, Âëàäèñëàâ."]
[Black "Êèðþøèí, Èâàí."]
[Result "0-1"]
[WhiteElo "1307"]
[BlackElo "1640"]
[PlyCount "54"]
[EventDate "2017.04.20"]

1. d4 d5 2. Nf3 Nf6 3. e3 Bg4 4. Be2 e6 5. Nbd2 Bd6 6. b3 Nbd7 7. Bb2 Qe7 8.
Ne5 Bxe2 9. Qxe2 c6 10. f4 Ba3 11. Bc3 Bb4 12. Bb2 Ne4 13. Nef3 f5 14. O-O Bxd2
15. Nxd2 Nxd2 16. Qxd2 Nf6 17. a4 Ne4 18. Qd3 g5 19. Ba3 Qg7 20. g3 h5 21. Kg2
h4 22. c4 Kd7 23. cxd5 exd5 24. b4 hxg3 25. hxg3 gxf4 26. exf4 Qh6 27. Bc1 Qh3+
0-1

[Event "Ì13Ï"]
[Site "Loo"]
[Date "2017.04.24"]
[Round "5.23"]
[White "Äåíèñîâ, Ìèõàèë."]
[Black "Ìåëüíèêîâ, Âÿ÷åñëàâ."]
[Result "0-1"]
[WhiteElo "1423"]
[BlackElo "1637"]
[PlyCount "96"]
[EventDate "2017.04.20"]

1. e4 c6 2. d4 d5 3. e5 Bf5 4. g4 Bd7 5. Nc3 e6 6. Nf3 c5 7. Be3 Nc6 8. dxc5 a6
9. a3 Qc7 10. Bd4 Nxd4 11. Qxd4 Bxc5 12. Qd2 Ne7 13. O-O-O b5 14. Na2 Qa7 15.
Nd4 Bxd4 16. Qxd4 Qxd4 17. Rxd4 Nc6 18. Rd1 Nxe5 19. Be2 Ng6 20. h4 O-O-O 21.
Nb4 Nf4 22. Bf3 a5 23. Nd3 Nxd3+ 24. cxd3 e5 25. Be2 Rhe8 26. Rd2 Bc6 27. Rc2
Kb7 28. Kd2 d4 29. Rhc1 Rc8 30. Rc5 f6 31. b3 Kb6 32. g5 Bb7 33. b4 Rxc5 34.
bxc5+ Kc7 35. Rb1 Bc6 36. f3 f5 37. h5 Kd7 38. Ke1 Ke6 39. Kf2 Kd5 40. Rc1 Bd7
41. Bd1 a4 42. f4 e4 43. dxe4+ fxe4 44. Bc2 d3 45. Bb1 e3+ 46. Kf1 d2 47. Ba2+
Kd4 48. Re1 e2+ 0-1